| Tag |
First Indicator |
Second Indicator |
Subfields |
| LEADER |
00000cam a2200000 a 4500 |
| 001 |
in00000088034 |
| 005 |
20190914063451.0 |
| 008 |
820412s1982 paua 000 0deng |
| 010 |
|
|
|a 82106682
|
| 019 |
|
|
|a 8245152
|
| 020 |
|
|
|a 0934660050 (pbk.) :
|c 9.00
|
| 035 |
|
|
|a (OCoLC)ocm08410610
|
| 035 |
|
|
|a (OCoLC)08410610
|
| 035 |
|
|
|9 AAK5134AM
|
| 040 |
|
|
|a DLC
|c DLC
|d TXA
|d UtOrBLW
|
| 043 |
|
|
|a n-us---
|
| 049 |
|
|
|a TXAM
|
| 050 |
0 |
0 |
|a PS536
|b .U56 vol. 12
|a PS228.B6
|
| 090 |
|
|
|a PS228.B6
|b B37
|
| 245 |
0 |
0 |
|a Beat angels /
|c edited by Arthur and Kit Knight.
|
| 264 |
|
1 |
|a California, PA :
|b A. and K. Knight,
|c [1982]
|
| 264 |
|
4 |
|c ©1982
|
| 300 |
|
|
|a 179 pages :
|b illustrations ;
|c 22 cm.
|
| 336 |
|
|
|a text
|b txt
|2 rdacontent
|
| 337 |
|
|
|a unmediated
|b n
|2 rdamedia
|
| 338 |
|
|
|a volume
|b nc
|2 rdacarrier
|
| 490 |
1 |
|
|a The Unspeakable visions of the individual ;
|v v. 12
|
| 500 |
|
|
|a Cover title.
|
| 650 |
|
0 |
|a Beats (Persons)
|v Literary collections.
|
| 650 |
|
0 |
|a Authors, American
|y 20th century
|v Interviews.
|
| 650 |
|
0 |
|a Authors, American
|y 20th century
|v Correspondence.
|
| 650 |
|
0 |
|a American literature
|y 20th century.
|
| 650 |
|
0 |
|a Beats (Persons)
|
| 700 |
1 |
|
|a Knight, Arthur Winfield,
|d 1937-2012.
|
| 700 |
1 |
|
|a Knight, Kit.
|
| 830 |
|
0 |
|a Unspeakable visions of the individual ;
|v v. 12.
|
| 994 |
|
|
|a E0
|b TXA
|
| 948 |
|
|
|a cataloged
|b h
|c 2001/9/26
|d c
|e lmiller
|f 5:39:56 pm
|
| 999 |
|
|
|a MARS
|
| 999 |
f |
f |
|s 00b96245-3671-3762-b79e-d60931d69d82
|i cae56541-911c-39e5-a7b3-d41f7c81e877
|t 0
|
| 952 |
f |
f |
|p ric
|a Texas A&M University
|b Rellis Campus
|c Joint Library Facility
|d Remote Storage
|t 0
|e PS228.B6 B37
|h Library of Congress classification
|i unmediated -- volume
|m A14828107166
|
| 998 |
f |
f |
|a PS228.B6 B37
|t 0
|l Remote Storage
|